<?xml version="1.0" encoding="UTF-8"?>
<record
    xmlns:xsi="http://www.w3.org/2001/XMLSchema-instance"
    xsi:schemaLocation="http://www.loc.gov/MARC21/slim http://www.loc.gov/standards/marcxml/schema/MARC21slim.xsd"
    xmlns="http://www.loc.gov/MARC21/slim">

  <leader>00870nam a22001817a 4500</leader>
  <controlfield tag="003">IT-RoPau</controlfield>
  <controlfield tag="005">20220918181107.0</controlfield>
  <controlfield tag="008">130601b        xxu||||| |||| 00| 0 eng d</controlfield>
  <datafield tag="040" ind1=" " ind2=" ">
    <subfield code="c">IT-RoPau</subfield>
  </datafield>
  <datafield tag="100" ind1=" " ind2=" ">
    <subfield code="a">CNV</subfield>
    <subfield code="9">633</subfield>
  </datafield>
  <datafield tag="245" ind1=" " ind2=" ">
    <subfield code="a">Vocazioni. Luce della vita.</subfield>
    <subfield code="b">Campo vocazionale per i giovani (dai 20 anni in poi). Testo di Anna Maria Pudelko, Laura Orizio ap don Luigi Vari</subfield>
  </datafield>
  <datafield tag="250" ind1=" " ind2=" ">
    <subfield code="a">1&#xB0; ed</subfield>
  </datafield>
  <datafield tag="260" ind1=" " ind2=" ">
    <subfield code="a">Roma</subfield>
    <subfield code="b">CNV </subfield>
    <subfield code="c">2001</subfield>
  </datafield>
  <datafield tag="300" ind1=" " ind2=" ">
    <subfield code="a">66 pp.</subfield>
    <subfield code="c">20 cm</subfield>
    <subfield code="e">Guida tutto educatori. Campo vocazionale per giovani</subfield>
  </datafield>
  <datafield tag="490" ind1=" " ind2=" ">
    <subfield code="a">Campi di Se Vuoi</subfield>
  </datafield>
  <datafield tag="520" ind1=" " ind2=" ">
    <subfield code="a">Sommario

Presentazione
1. Al pozzo... - Era verso mezzogiorno
2. Dammi da bere - "Signore, dammi di quest'acqua!"
3. Sono io, che ti parlo... - "Credimi"
4. ...per correre tra la gente - La brocca abbandonata
5. Venite e vedrete - La donna racconta...
6. Ascoltatelo! - Sulla sua parola

</subfield>
  </datafield>
  <datafield tag="942" ind1=" " ind2=" ">
    <subfield code="2">ddc</subfield>
    <subfield code="c">CR</subfield>
  </datafield>
  <datafield tag="999" ind1=" " ind2=" ">
    <subfield code="c">98667</subfield>
    <subfield code="d">98667</subfield>
  </datafield>
  <datafield tag="952" ind1=" " ind2=" ">
    <subfield code="0">0</subfield>
    <subfield code="1">0</subfield>
    <subfield code="2">ddc</subfield>
    <subfield code="4">0</subfield>
    <subfield code="6">P_D2</subfield>
    <subfield code="7">1</subfield>
    <subfield code="a">PAULUS</subfield>
    <subfield code="b">PAULUS</subfield>
    <subfield code="d">2013-06-01</subfield>
    <subfield code="l">0</subfield>
    <subfield code="o">P D2</subfield>
    <subfield code="r">2013-06-01 00:00:00</subfield>
    <subfield code="w">2013-06-01</subfield>
    <subfield code="y">CR</subfield>
  </datafield>
</record>
